| 000 | 01009nam a2200265 a 4500 | ||
|---|---|---|---|
| 001 | 000010858 | ||
| 003 | DO-SdBNP | ||
| 005 | 20230322132805.0 | ||
| 008 | 091012s1978 dr 001 0 spa d | ||
| 020 | _a8484010198 | ||
| 040 |
_aDO-SdBNP _bspa _cBPMSU |
||
| 082 | 4 |
_a972.93 _bPP843d 1978 _222 |
|
| 100 | 1 |
_aPorter, David D. _d[1813-1891] _q(David Dixon), |
|
| 245 | 1 | 0 |
_aDiario de una misión secreta a Santo Domingo (1846) / _cDavid Dixon Porter ; traducción, P. Gustavo Amigo Jensen. |
| 260 |
_aSanto Domingo : _bEditora de Santo Domingo, _c1978. |
||
| 300 |
_axiii, 268 p. ; _c24 cm. |
||
| 490 | 0 |
_aSociedad Domicana de Bibliófilos; _aCultura dominicana, _v28 |
|
| 500 | _aIncluye referencias bibliográficas y notas al pie de las páginas | ||
| 590 | _aInventariado, 2023/VM | ||
| 600 | 1 | 4 |
_aPoter, David D. _q(David Dixon), _d1813-1891 |
| 651 | 4 |
_aRepública Dominicana _xHistoria _y1844-1930 |
|
| 700 | 1 |
_aAmigo Jensen, P. Gustavo _etr. |
|
| 910 | _aVMateo V. Control de calidad (BPMSU) | ||
| 942 |
_2ddc _cBK |
||
| 999 |
_c14379 _d14379 |
||